Marketing a práce s absolventy vysokých škol odbory: andragogika, ekonomie, personální řízení

Gespeichert in:
Bibliographische Detailangaben
Weitere Verfasser: Beneš, Milan
Format: Buch
Sprache:Tschechisch
Veröffentlicht: Praha Eurolex Bohemia 2001
Schlagworte:
Tags: Tag hinzufügen
Keine Tags, Fügen Sie das erste Tag hinzu!

MARC

LEADER 00000nam a2200000 4500
001 c131483
005 20221124104648.5
020 |a 80-86432-06-8 
041 0 |a cze 
044 |a CZ 
245 1 0 |a Marketing a práce s absolventy vysokých škol  |b odbory: andragogika, ekonomie, personální řízení  |c Milan Beneš vedoucí autorského kolektivu 
264 1 |a Praha  |b Eurolex Bohemia  |c 2001 
300 |a 147 s. 
610 2 0 |a marketing 
610 2 0 |a absolventi 
610 2 0 |a školy vysoké 
610 2 0 |a vzdelávanie 
610 2 0 |a vzdelávanie ďalšie 
610 2 0 |a riadenie personálne 
610 2 0 |a andragogika 
610 2 0 |a ekonómia 
700 1 |a Beneš, Milan